JUVEILE JUSTICE SYSTEM (Record no. 10130)

MARC details
000 -LEADER
fixed length control field 00325nam a22001457a 4500
003 - CONTROL NUMBER IDENTIFIER
control field SGT
082 ## - DEWEY DECIMAL CLASSIFICATION NUMBER
Classification number 345.080 954,HAN
100 ## - MAIN ENTRY--PERSONAL NAME
Personal name HASARIA, VUJAY
245 ## - TITLE STATEMENT
Title JUVEILE JUSTICE SYSTEM
250 ## - EDITION STATEMENT
Edition statement 2ND
260 ## - PUBLICATION, DISTRIBUTION, ETC. (IMPRINT)
Place of publication, distribution, etc NEW DELHI
Name of publisher, distributor, etc UNIVERSAL BOOK COMPANY
Year of Publication 204
300 ## - PAGE DESCRIPTION
No. of Pages 362
650 ## - SUBJECT ADDED ENTRY--TOPICAL TERM
Topical term or geographic name as entry element JURISPRUDENCE
942 ## - ADDED ENTRY ELEMENTS (KOHA)
Source of classification or shelving scheme Dewey Decimal Classification
Koha item type Books
942 ## - ADDED ENTRY ELEMENTS (KOHA)
-- 1
Holdings
Withdrawn status Lost status Source of classification or shelving scheme Damaged status Not for loan Collection code Home library Current library Shelving location Date acquired Vendor Name Cost, normal purchase price SGTU Bill Number Total Checkouts Full call number Accession No. (Barcode) Date last seen Date last borrowed Bill Date Koha item type
    Dewey Decimal Classification     LAW SGT Science & Social Sciences Library SGT Science & Social Sciences Library Text Book 07/12/2016 JUPITER LAW BOOK COMPANY 425.00 SGTU 856 2 345.080 954,HAN FL521 22/09/2025 12/09/2025 31/10/2014 Books
    Dewey Decimal Classification   Not For Loan LAW SGT Science & Social Sciences Library SGT Science & Social Sciences Library Reference Book 07/12/2016 JUPITER LAW BOOK COMPANY 425.00 SGTU 856   345.080 954,HAN FL522 07/12/2016   31/10/2014 Books